[Event "Lille Luce op 6th"]
[Site "Lille"]
[Date "2015.05.07"]
[Round "5"]
[White "Naumkin, Igor"]
[Black "Silvert, Alexandre"]
[Result "1-0"]
[WhiteElo "2445"]
[BlackElo "1997"]
[PlyCount "55"]
[EventDate "2015.05.04"]
[EventType "swiss"]
[EventRounds "9"]
[EventCountry "FRA"]
[SourceTitle "EXT 2017"]
[Source "ChessBase"]
[SourceDate "2016.10.25"]
[SourceVersion "1"]
[SourceVersionDate "2016.10.25"]
[SourceQuality "1"]

1. d4 e6 2. c4 d5 3. Nf3 Nf6 4. Nc3 Be7 5. Bg5 Nbd7 6. e3 0-0 7. Bd3 dxc4 8. Bxc4 a6 9. a4 c5 10. 0-0 cxd4 11. exd4 Nb6 12. Bb3 Nbd5 13. Ne5 Nxc3 14. bxc3 Nd7 15. Bxe7 Qxe7 16. f4 Rd8 17. Qf3 Nxe5 18. fxe5 Bd7 19. Rf2 Bc6 20. Qg4 b5 21. Raf1 Be8 22. Qh3 h6 23. Bc2 Qg5 24. Qxe6 Rac8 25. Rxf7 Bxf7 26. Qxf7+ Kh8 27. e6 Qe3+ 28. Kh1 1-0

[Event "FRA-chT1 1011"]
[Site "France"]
[Date "2010.11.14"]
[Round "3.7"]
[White "Silvert, Alexandre"]
[Black "Couche, Didier"]
[Result "1-0"]
[WhiteElo "1974"]
[BlackElo "2122"]
[PlyCount "73"]
[EventDate "2010.10.17"]
[EventType "team-tourn"]
[EventRounds "11"]
[EventCountry "FRA"]
[SourceTitle "EXT 2012"]
[Source "ChessBase"]
[SourceDate "2011.11.24"]
[SourceVersion "1"]
[SourceVersionDate "2011.11.24"]
[SourceQuality "1"]

1. d4 d5 2. Nf3 c6 3. g3 Bg4 4. Ne5 Bh5 5. Bg2 Nd7 6. c4 e6 7. h4 Nxe5 8. dxe5 dxc4 9. Qa4 Qb6 10. Nd2 Bb4 11. a3 c3 12. axb4 cxd2+ 13. Bxd2 Ne7 14. Be3 Qc7 15. b5 cxb5 16. Qxb5+ Nc6 17. Bc5 0-0-0 18. Bxc6 Qxc6 19. Qxc6+ bxc6 20. Rxa7 Kb8 21. 0-0 Rd5 22. Rfa1 Rxc5 23. Ra8+ Kb7 24. Rxh8 h6 25. Rh7 Rxe5 26. Rxg7 Rxe2 27. g4 Bg6 28. h5 Be4 29. Rxf7+ Kb6 30. Rf6 Bd5 31. Rxh6 Rxb2 32. Rg6 Rb3 33. Kh2 Rf3 34. Rb1+ Kc5 35. Rb2 Kd4 36. h6 Kc3 37. h7 1-0

[Event "FRA-chT3 Gr8 0203"]
[Site "France"]
[Date "2003.04.06"]
[Round "9"]
[White "Vandeweeghe, Simon"]
[Black "Silvert, Alexandre"]
[Result "0-1"]
[WhiteElo "2021"]
[BlackElo "1950"]
[PlyCount "102"]
[EventDate "2002.10.??"]
[EventType "team"]
[EventRounds "9"]
[EventCountry "FRA"]
[SourceTitle "EXT 2005"]
[Source "ChessBase"]
[SourceDate "2004.11.15"]
[SourceVersion "1"]
[SourceVersionDate "2004.11.15"]
[SourceQuality "1"]

1. d4 e6 2. c4 d5 3. Nf3 Nf6 4. Nc3 Be7 5. Bg5 c6 6. cxd5 exd5 7. e3 0-0 8. Bd3 Bg4 9. 0-0 Nbd7 10. Rc1 Re8 11. a3 Nf8 12. b4 a6 13. Be2 Ne6 14. Bh4 Bf5 15. Ne5 a5 16. Qb3 axb4 17. axb4 Qb6 18. Bxf6 gxf6 19. Nd7 Qxb4 20. Qxb4 Bxb4 21. Nxf6+ Kg7 22. Nxe8+ Rxe8 23. g4 Bg6 24. f4 f5 25. Bd3 Kf6 26. gxf5 Bxf5 27. Bxf5 Kxf5 28. Kf2 Ra8 29. Rc2 Bxc3 30. Rxc3 Ra2+ 31. Kg3 h5 32. Rf2 Ra8 33. Kf3 Nd8 34. Rg2 Nf7 35. Rg7 Kf6 36. Rg2 Nd6 37. Rb2 Ne4 38. Rcc2 Nd6 39. Rb3 Kf5 40. Rg2 Kf6 41. Rc3 Ne4 42. Rc1 Kf5 43. Rb2 Ra3 44. Rxb7 Ra2 45. Rf1 Nd2+ 46. Ke2 Nxf1+ 47. Kxf1 Rxh2 48. Rg7 Ke4 49. Rg2 Rh3 50. Re2 Kf3 51. Rf2+ Kxe3 0-1

[Event "FRA-chT3 Gr8 0203"]
[Site "France"]
[Date "2002.11.16"]
[Round "2"]
[White "Debailleul, Pierre"]
[Black "Silvert, Alexandre"]
[Result "1-0"]
[WhiteElo "1920"]
[BlackElo "1950"]
[PlyCount "59"]
[EventDate "2002.10.??"]
[EventType "team"]
[EventRounds "9"]
[EventCountry "FRA"]
[SourceTitle "EXT 2005"]
[Source "ChessBase"]
[SourceDate "2004.11.15"]
[SourceVersion "1"]
[SourceVersionDate "2004.11.15"]
[SourceQuality "1"]

1. Nf3 d5 2. g3 Nf6 3. Bg2 c5 4. 0-0 Nc6 5. c4 g6 6. cxd5 Nxd5 7. Nc3 Nxc3 8. bxc3 Bg7 9. Ba3 Qa5 10. Qb3 0-0 11. Bb2 Rb8 12. d4 Be6 13. d5 c4 14. Qxc4 Bxd5 15. Qd3 Rfd8 16. Qc2 Rbc8 17. Rfd1 Bxf3 18. Bxf3 Ne5 19. Qe4 Nxf3+ 20. Qxf3 Rxd1+ 21. Rxd1 Qb6 22. Rd2 a5 23. h4 a4 24. Qg4 Qc6 25. h5 e6 26. Qb4 b5 27. a3 Bxc3 28. Bxc3 Qxc3 29. Rd8+ Kg7 30. Qf8+ 1-0

[Event "FRA-chT 9900"]
[Site "France"]
[Date "2000.04.29"]
[Round "9.7"]
[White "Acher, Mathieu"]
[Black "Silvert, Alexandre"]
[Result "1/2-1/2"]
[WhiteElo "2254"]
[BlackElo "2050"]
[PlyCount "64"]
[EventDate "1999.02.04"]
[EventType "team"]
[EventRounds "11"]
[EventCountry "FRA"]
[SourceTitle "EXT 2001"]
[Source "ChessBase"]
[SourceDate "2000.11.22"]
[SourceVersion "1"]
[SourceVersionDate "2000.11.22"]
[SourceQuality "1"]

1. e4 e6 2. d4 d5 3. Nc3 Nf6 4. Bg5 Be7 5. e5 Nfd7 6. h4 Bxg5 7. hxg5 Qxg5 8. Nh3 Qe7 9. Bd3 Nb6 10. Nf4 Bd7 11. Nh5 Qg5 12. g4 f5 13. exf6 gxf6 14. f4 Qh6 15. Qd2 Rg8 16. 0-0-0 Rxg4 17. Qe2 Rg8 18. Bxh7 Rf8 19. Rdg1 Kd8 20. Bd3 f5 21. Qf2 Nc6 22. Rg7 Be8 23. Rg5 Kc8 24. Qe3 Bf7 25. Rh3 Kd7 26. Rg7 Rae8 27. Rg5 Bxh5 28. Rgxh5 Qf6 29. Bb5 a6 30. Rh6 Qe7 31. Bxc6+ Kxc6 32. b3 Rf6 1/2-1/2

[Event "FRA-chT U18"]
[Site "France"]
[Date "1996.??.??"]
[Round "7"]
[White "Marx, Nicolas"]
[Black "Silvert, Alexandre"]
[Result "1-0"]
[WhiteElo "1870"]
[BlackElo "1640"]
[PlyCount "89"]
[EventDate "1996.??.??"]
[EventType "team"]
[EventRounds "11"]
[EventCountry "FRA"]
[SourceTitle "EXT 2001"]
[Source "ChessBase"]
[SourceDate "2000.11.22"]
[SourceVersion "1"]
[SourceVersionDate "2000.11.22"]
[SourceQuality "1"]

1. d4 e6 2. c4 d5 3. Nc3 Nf6 4. Bg5 Be7 5. e3 Nbd7 6. Nf3 0-0 7. Rc1 c6 8. Bd3 dxc4 9. Bxc4 Nd5 10. Bxe7 Qxe7 11. 0-0 N7f6 12. Re1 Qd8 13. e4 Nxc3 14. Rxc3 Re8 15. Bb3 Qb6 16. Qc2 Bd7 17. a3 Rad8 18. Ba2 a6 19. Bb1 g6 20. Rb3 Qa7 21. Qc1 Kg7 22. Rd1 Rc8 23. Ne5 Rh8 24. Qf4 Be8 25. Nxf7 Bxf7 26. Rf3 b5 27. Qxf6+ Kg8 28. Ba2 Qd7 29. Rc3 a5 30. h3 Qe8 31. Re3 e5 32. Bxf7+ Qxf7 33. dxe5 Qxf6 34. exf6 Kf7 35. e5 Rcd8 36. Red3 Rde8 37. Rd7+ Ke6 38. f4 Kf5 39. R1d4 h5 40. g3 g5 41. fxg5 Kxg5 42. f7 Rc8 43. e6 Kf6 44. Re4 Kf5 45. Re3 1-0

[Event "FRA-chT U18"]
[Site "France"]
[Date "1996.??.??"]
[Round "2"]
[White "Silvert, Alexandre"]
[Black "Gaudron, Fanny"]
[Result "1-0"]
[WhiteElo "1640"]
[BlackElo "1610"]
[PlyCount "125"]
[EventDate "1996.??.??"]
[EventType "team"]
[EventRounds "11"]
[EventCountry "FRA"]
[SourceTitle "EXT 2001"]
[Source "ChessBase"]
[SourceDate "2000.11.22"]
[SourceVersion "1"]
[SourceVersionDate "2000.11.22"]
[SourceQuality "1"]

1. d4 Nf6 2. Nf3 e6 3. Bg5 Be7 4. Nbd2 d5 5. e3 0-0 6. Bd3 h6 7. Bxf6 Bxf6 8. h4 c5 9. c3 Nd7 10. g4 g5 11. hxg5 hxg5 12. Qe2 Re8 13. Qf1 Kf8 14. Rh7 Ke7 15. Qh3 Nf8 16. Rh5 c4 17. Bc2 Qb6 18. Rb1 Qa5 19. a3 Bd7 20. e4 Kd8 21. Nxg5 Bxg5 22. Rxg5 Ba4 23. Nxc4 Qa6 24. Bxa4 Qxa4 25. Nd2 dxe4 26. Nxe4 Qc6 27. Nd2 Ng6 28. Qf3 Qd7 29. Qf6+ Kc7 30. Rc5+ Kb8 31. Qf3 b6 32. Rh5 Kc7 33. Rh7 Rf8 34. Nc4 Rad8 35. Rd1 Qe7 36. Ne5 Nxe5 37. dxe5 Rxd1+ 38. Kxd1 Rd8+ 39. Kc1 Qg5+ 40. Qe3 Qg6 41. Rh4 Rd3 42. Qe2 Rd5 43. Rh3 Qg5+ 44. Kb1 Rxe5 45. Qd1 Rd5 46. Rd3 Qg6 47. Kc2 Qe4 48. f3 Qh7 49. Qd2 Kc6 50. Qe3 Rxd3 51. Qxd3 Qh2+ 52. Kb3 Qe5 53. Qc4+ Kb7 54. Qe4+ Qxe4 55. fxe4 Kc6 56. Kc4 Kd6 57. Kd4 f6 58. b4 e5+ 59. Kd3 Kc6 60. Kc4 b5+ 61. Kd3 Kd6 62. c4 bxc4+ 63. Kxc4 1-0